Geography Quiz

Random Geography or City Quiz
Score 0/48 Timer 05:00
0 Plays Today
2006 % Correct
OntarioToronto
96.7%
QuebecMontreal
93.7%
British ColumbiaVancouver
91.7%
OntarioOttawa
90.1%
AlbertaCalgary
88.2%
QuebecQuebec City
87.1%
AlbertaEdmonton
87.1%
Nova ScotiaHalifax
83.7%
ManitobaWinnipeg
80.2%
SaskatchewanRegina
79.3%
OntarioLondon
79.1%
OntarioHamilton
78.2%
SaskatchewanSaskatoon
77.4%
Newfoundland and LabradorSt. John's
73%
OntarioWindsor
69.4%
OntarioMississauga
59.5%
OntarioThunder Bay
55.4%
OntarioKitchener
51%
OntarioKingston
49.9%
QuebecLaval
47.7%
British ColumbiaSurrey
47.4%
British ColumbiaKelowna
45.5%
OntarioBrampton
45.2%
OntarioOshawa
44.4%
2006 % Correct
QuebecSherbrooke
43.3%
British ColumbiaBurnaby
41.3%
British ColumbiaRichmond
41.3%
OntarioBarrie
38.3%
OntarioGuelph
36.9%
QuebecTrois-Rivieres
35.3%
QuebecGatineau
34.2%
British ColumbiaAbbotsford
34.2%
OntarioMarkham
29.5%
OntarioOakville
28.4%
OntarioBurlington
28.1%
OntarioVaughan
26.7%
OntarioSt. Catherines
26.2%
Nova ScotiaCape Breton
22.3%
OntarioCambridge
21.2%
OntarioRichmond Hill
20.7%
OntarioWhitby
19%
British ColumbiaCoquitlam
17.1%
QuebecLongueuil
13.2%
QuebecLevis
12.4%
QuebecSaguenay
11.8%
OntarioGreater Sudbury
11.6%
British ColumbiaSaanich
9.9%
OntarioChatham-Kent
9.6%
Remove Ads.
Support Sporcle.
Get the best of Sporcle when you Go Orange. This ad-free experience offers more features, more stats, and more fun while also helping to support Sporcle. Thank you for becoming a member.

You're not logged in!

Compare scores with friends on all Sporcle quizzes.
OR
Log In

Show Comments

Extras

Top Quizzes Today


Score Distribution

Your Account Isn't Verified!

In order to create a playlist on Sporcle, you need to verify the email address you used during registration. Go to your Sporcle Settings to finish the process.

Report this User

Report this user for behavior that violates our Community Guidelines.

Details: